000 00354nam a2200121Ia 4500
008 231129s9999||||xx |||||||||||||| ||spa||
020 _a0-13-641365-X
082 _a658 D475o
100 _aDessler Gary
245 0 _aOrganizacion y administracion : Enfoque situacional
264 _aPrentice Hall
942 _2ddc
_cBKS
999 _c22162
_d22162